Pri odpisovaní dochádzalo k rozdielu medzi účtovnými a daňovými odpismi
Zákon č. 366/1999 Z.z. o daniach z príjmov nadobudol účinnosť 1. januára 2000. Postupy účtovania pre podnikateľov. Zmeny v odpisoch. Odpisy do nákladov alebo výnosov. Odložená daňová povinnosť. Vývoj daňových a účtovných odpisov.
Enregistré dans:
| Auteur principal: | |
|---|---|
| Format: | Chapitre de livre |
| Langue: | slovaque |
| Sujets: | |
| Tags: |
Pas de tags, Soyez le premier à ajouter un tag!
|
MARC
| LEADER | 00000naa a2200000 4500 | ||
|---|---|---|---|
| 001 | r037750 | ||
| 005 | 20230921105355.7 | ||
| 041 | 0 | |a slo | |
| 044 | |a SK | ||
| 245 | 1 | 0 | |a Pri odpisovaní dochádzalo k rozdielu medzi účtovnými a daňovými odpismi |c Jozef Škultéty |
| 520 | |a Zákon č. 366/1999 Z.z. o daniach z príjmov nadobudol účinnosť 1. januára 2000. Postupy účtovania pre podnikateľov. Zmeny v odpisoch. Odpisy do nákladov alebo výnosov. Odložená daňová povinnosť. Vývoj daňových a účtovných odpisov. | ||
| 610 | 2 | 0 | |a dane z príjmov |
| 610 | 2 | 0 | |a zákony |
| 610 | 2 | 0 | |a odpisy |
| 610 | 2 | 0 | |a odpisy daňové |
| 610 | 2 | 0 | |a odpisy účtovné |
| 610 | 2 | 0 | |a náklady |
| 610 | 2 | 0 | |a výnosy |
| 610 | 2 | 0 | |a povinnosť daňová |
| 610 | 2 | 0 | |a Slovensko |
| 100 | 1 | |a Škultéty, Jozef | |